00709nam a2200217 a 4500008004100000020001500041100002600056245009300082250001200175260004300187300004600230500002000276504004200296650004200338650003600380650002700416700002100443003000100464005001700465040000900482  a02561390161 aMason, Robert Deward.10aStatistical techniques in business and economics /cRobert D. Mason and Douglas A. Lind. a9th ed. aBoston :b Mc-Graw Hill Irwin,cc1996. axix, 871 p. :bill. (some col.) ;c26 cm. aIncludes Index  aIncludes bibliographical references.  0aSocial sciencesxStatistical methods. 0aEconomicsxStatistical methods. 0aCommercial statistics.1 aLind, Douglas A.20230120193551.0 cNUST